书目信息 |
| 题名: |
食品化学
|
|
| 作者: | 李家瑞 编译 | |
| 分册: | ||
| 出版信息: | 北京 轻工业出版社 1987 |
|
| 页数: | 391页 | |
| 开本: | 19cm | |
| 丛书名: | ||
| 单 册: | ||
| 中图分类: | TS201.2 | |
| 科图分类: | ||
| 主题词: | 食品化学 | |
| 电子资源: | ||
| ISBN: | 7-5019-0109-0 | |
| 000 | 00630nam0 2200241 450 | |
| 001 | 0187017241 | |
| 005 | 20100712222158.0 | |
| 010 | @a7-5019-0109-0@dCNY3.20 | |
| 011 | @a7-5019-0109-0 | |
| 091 | @a15042.1949 | |
| 100 | @a19900830d1987 em y0chiy0110 ea | |
| 101 | 1 | @achi@cjpn |
| 102 | @aCN@b110000 | |
| 105 | @af z 000yy | |
| 106 | @ar | |
| 200 | 1 | @a食品化学@9Shi;Si Pin Hua Xue @f李家瑞编译 |
| 210 | @a北京@c轻工业出版社@d1987 | |
| 215 | @a391页@c图表@d19cm | |
| 606 | 0 | @a食品化学 |
| 690 | @aTS201.2@v3 | |
| 701 | 0 | @a李家瑞@9li jia rui@4编译 |
| 801 | 0 | @aCN@b91MARC@c20130904 |
| 905 | @aBZT@dTS@e981@f1@sTS/981 | |
| 食品化学/李家瑞编译.-北京:轻工业出版社,1987 |
| 391页:图表;19cm |
| ISBN 7-5019-0109-0:CNY3.20 |
| ● |
| 相关链接 |
|
|
|
正题名:食品化学
索取号:TS/981
 
预约/预借
| 序号 | 登录号 | 条形码 | 馆藏地/架位号 | 状态 | 备注 |
| 1 | 2000100629 | 2000100629 | 旧书回溯/ [索取号:TS/981] | 在馆 |